000
00306nam a22001457a 4500
008
210428b ||||| |||| 00| 0 eng d
020
_a
73336
041
_a
eng
080
_a
91
082
_a
91
100
_a
42
101
_a
GJEO
245
_a
The Book of Popular Science
_c
Danbury
942
_2
udc
_c
BK
999
_c
56875
_d
56875